000 01404nam a2200241Ia 4500
999 _c55958
_d55958
001 23057
003 GE_BSU
005 20230703123034.0
008 181216s1953||||ge |||||||||||||| ||geo||
040 _cGE_BSU
041 _ageo
080 _a821.124.09(075.8) ყ-36
100 _aყაუხჩიშვილი, სიმონ
_91490
245 _aანტიკური ლიტერატურის ისტორია = История античной литературы :
_bსახელმძღვ. პედ. ინ-ტების სტუდენტებისათვის /
_cსიმონ ყაუხჩიშვილი ; რედ. პ.ბერაძე.
264 _aთბილისი :
_bსამეცნიერო მეთოდური კაბინეტის გამ-ბა,
_c1953.
300 _a400 გვ. ;
_c22 სმ.
541 _h1ლ.16თ.
653 _aანტიკური ლიტერატურა
653 _aანტიკური ლიტერატურის ისტორია
653 _aანტიკური ლიტერატურის ისტორია - სახელმძღვანელო უმაღლესი სასწავლებლებისათვის
700 _aბერაძე, პ.
_eრედაქტორი
_916056
942 _cBK
_2udc